[Event "34th Chess Olympiad (men)"]
[Site "Istanbul"]
[Date "2000.10.30"]
[Round "3.15.4"]
[White "Hoelzl, Franz"]
[Black "Kempinski, Robert"]
[WhiteElo "2394"]
[BlackElo "2522"]
[WhiteCountry "AUT"]
[BlackCountry "POL"]
[Result "0-1"]

1. d4 Nf6 2. c4 g6 3. g3 d5 4. Bg2 Bg7 5. Nf3 dxc4 6. O-O O-O 7. Na3 Nc6 8.
Nxc4 Be6 9. b3 a5 10. a4 Bd5 11. Bb2 Nb4 12. e3 c6 13. Qe2 Be4 14. Ne1 Bxg2 15.
Nxg2 Ne4 16. Rfd1 Qc7 17. Nf4 Nd5 18. Nxd5 cxd5 19. Na3 Qd7 20. Rac1 h5 21. Nb5
Rfc8 22. Ba3 Rc6 23. f3 Ng5 24. e4 Rac8 25. Rc5 Bxd4+ 26. Nxd4 Rxc5 27. Bxc5
Rxc5 28. e5 Ne6 29. Nb5 Qc6 30. Rd2 Rc1+ 31. Kg2 Qc5 32. f4 Rg1+ 33. Kh3 Qc8
34. Kh4 Nxf4 35. gxf4 Qf5 36. Nd4 Qxf4+ 37. Kh3 g5 0-1

[Event "34th Chess Olympiad (men)"]
[Site "Istanbul"]
[Date "2000.10.30"]
[Round "3.16.2"]
[White "Nguyen, Anh"]
[Black "Piket, Jeroen"]
[WhiteElo "2487"]
[BlackElo "2649"]
[WhiteCountry "VIE"]
[BlackCountry "NED"]
[Result "1/2-1/2"]

1. d4 Nf6 2. c4 e6 3. Nc3 Bb4 4. Qc2 O-O 5. a3 Bxc3+ 6. Qxc3 b6 7. Bg5 Bb7 
8. Nf3 d6 9. Nd2 h6 10. Bh4 Nbd7 11. f3 d5 12. cxd5 exd5 13. e3 Re8 14. Bf2 c5 
15. Bd3 a5 16. O-O c4 17. Bc2 b5 18. b3 Nb6 19. Rab1 Bc6 20. Rfe1 Ra6 
21. bxc4 Nxc4 22. Nxc4 bxc4 23. Rb2 Qd7 24. Reb1 Ba4 25. Rb7 Qc6 26. Bxa4 Qxa4 
27. h3 Qc6 
1/2-1/2

[Event "34th Chess Olympiad (men)"]
[Site "Istanbul"]
[Date "2000.10.30"]
[Round "3.16.3"]
[White "Tiviakov, Sergei"]
[Black "To, Quoc Khanh"]
[WhiteElo "2608"]
[BlackElo "2000"]
[WhiteCountry "NED"]
[BlackCountry "VIE"]
[Result "1-0"]

1. e4 c5 2. Nf3 d6 3. d4 cxd4 4. Nxd4 Nf6 5. Nc3 g6 6. Be3 Bg7 7. f3 Nc6 
8. Qd2 Bd7 9. O-O-O Rc8 10. Be2 a6 11. g4 b5 12. Kb1 Ne5 13. h4 b4 14. Nd5 Nxd5 
15. exd5 Qa5 16. h5 Nc4 17. Bxc4 Rxc4 18. Nb3 Qc7 19. Bd4 Bxd4 20. Nxd4 Qb7 
21. hxg6 fxg6 22. Qg5 Rc5 23. Nb3 Rc7 24. Rxh7 Rxh7 25. Qxg6+ Rf7 26. Rh1 Kd8 
27. Qxf7 Be8 28. Qf5 Qb6 29. Qe4 Qf2 30. Nd4 Kc8 31. Nc6 Qg2 32. Rc1 e5 
33. Nxb4 Kb7 34. Nd3 Bb5 35. c4 Rxc4 36. Rxc4 Qf1+ 37. Kc2 Bxc4 38. Qxc4 Qe2+ 
39. Kc1 
1-0

[Event "34th Chess Olympiad (men)"]
[Site "Istanbul"]
[Date "2000.10.30"]
[Round "3.16.4"]
[White "Nguyen, Thanh Son"]
[Black "Nijboer, Friso"]
[WhiteElo "2000"]
[BlackElo "2537"]
[WhiteCountry "VIE"]
[BlackCountry "NED"]
[Result "0-1"]

1. e4 c5 2. Nf3 Nc6 3. d4 cxd4 4. Nxd4 Nf6 5. Nc3 e5 6. Ndb5 d6 7. Bg5 a6 
8. Na3 b5 9. Nd5 Be7 10. Bxf6 Bxf6 11. c3 Bg5 12. Nc2 Rb8 13. Nce3 Bxe3 
14. Nxe3 O-O 15. Bd3 Ne7 16. O-O Be6 17. Qc2 a5 18. Rfd1 Qb6 19. a3 Rfc8 
20. Qe2 Ng6 21. g3 Nf8 22. Rd2 Nd7 23. Rad1 Nf6 24. Bc2 Rd8 25. Kg2 Qc6 
26. Nd5 Bxd5 27. exd5 Qc4 28. Qxc4 bxc4 29. Ba4 Ne4 30. Re2 Nc5 31. Bc6 a4 
32. Kf3 Rb6 33. Rdd2 Rdb8 34. Ke3 f5 35. f4 Kf7 36. Kf3 Kf6 37. h4 g6 
38. Rc2 Nd3 39. Bxa4 Nxb2 40. Bc6 Nd3 41. a4 Rb1 42. fxe5+ Nxe5+ 43. Kf2 R8b3 
44. Kg2 Ra3 45. Bb5 Raa1 46. Ra2 Rg1+ 47. Kh3 Rh1+ 48. Rh2 
0-1

[Event "34th Chess Olympiad (men)"]
[Site "Istanbul"]
[Date "2000.10.30"]
[Round "3.17.2"]
[White "Sokolov, Ivan"]
[Black "Ovezov, Artek"]
[WhiteElo "2611"]
[BlackElo "2366"]
[WhiteCountry "BIH"]
[BlackCountry "TKM"]
[Result "1-0"]

1. d4 d5 2. c4 e6 3. Nc3 c6 4. Nf3 Nd7 5. e4 dxe4 6. Nxe4 Ngf6 7. Bd3 Qc7 
8. O-O Be7 9. Re1 b6 10. Nxf6+ Nxf6 11. Ne5 Bb7 12. Bf4 Qd8 13. Qe2 c5 
14. dxc5 Bxc5 15. Rad1 Qe7 16. a3 a5 17. Bc2 O-O 18. Bg5 Rfd8 19. Ng4 Bd4 
20. Rxd4 Rxd4 21. Nxf6+ gxf6 22. Qh5 Be4 23. Rxe4 
1-0

[Event "34th Chess Olympiad (men)"]
[Site "Istanbul"]
[Date "2000.10.30"]
[Round "3.17.4"]
[White "Runic, Zoran"]
[Black "Odeev, Handszar"]
[WhiteElo "2425"]
[BlackElo "2442"]
[WhiteCountry "BIH"]
[BlackCountry "TKM"]
[Result "1-0"]

1. e4 c6 2. d4 d5 3. e5 Bf5 4. Nf3 e6 5. Be2 Ne7 6. O-O Nd7 7. Nh4 Bg6 
8. Nd2 c5 9. c3 Nc6 10. Nxg6 hxg6 11. Nf3 Be7 12. Be3 O-O 13. Bd3 Qb6 
14. Qe2 Rfc8 15. g3 cxd4 16. cxd4 Nb4 17. Bb1 Qa6 18. Qd1 Rc7 19. h4 Rac8 
20. Ne1 Kf8 21. h5 gxh5 22. Qxh5 Ke8 23. Qh8+ Bf8 24. a3 Nb6 25. Nf3 Nc2 
26. Bxc2 Rxc2 27. Ng5 Qd3 28. Nh7 Nd7 29. Nxf8 Nxf8 30. Qxg7 Qg6 31. Qxg6 Nxg6 
32. Rab1 Ne7 33. g4 Kd7 34. Kg2 R8c4 35. Rfd1 Rc8 36. Rd2 a6 37. Kf3 R2c4 
38. Ke2 Nc6 39. Rh1 Rg8 40. f3 Na5 41. Kd3 Rcc8 42. Rdh2 Nc4 43. Bc1 Ke7 
44. b3 Na5 45. Bd2 Nxb3 46. Bb4+ Kd7 47. Rh7 Ke8 48. Rh8 Rxh8 49. Rxh8+ Kd7 
50. Rxc8 Kxc8 51. Bc3 a5 52. a4 b5 53. axb5 Kc7 54. Kc2 a4 55. f4 Kb6 56. f5 
1-0

[Event "34th Chess Olympiad (men)"]
[Site "Istanbul"]
[Date "2000.10.30"]
[Round "3.18.2"]
[White "Quinn, Mark"]
[Black "Kovalev, Andrei"]
[WhiteElo "2381"]
[BlackElo "2537"]
[WhiteCountry "IRL"]
[BlackCountry "BLR"]
[Result "0-1"]

1. d4 Nf6 2. c4 g6 3. Nc3 Bg7 4. e4 d6 5. Be2 O-O 6. Bg5 h6 7. Be3 c5 
8. dxc5 Qa5 9. Bd2 Qxc5 10. Nf3 Bg4 11. Be3 Qc8 12. Rc1 Nc6 13. b3 h5 
14. h3 Bxf3 15. Bxf3 Nd7 16. O-O Nc5 17. Nd5 Qd8 18. b4 Ne6 19. Qd2 a5 
20. b5 Ne5 21. Be2 Nc5 22. f4 Ned7 23. Bf3 Rc8 24. g4 hxg4 25. hxg4 e6 
26. Nc3 Nb6 27. Qe2 g5 28. fxg5 Nbd7 29. e5 Nxe5 30. Be4 Qe7 31. Bb1 Rfd8 
32. Rcd1 Ng6 33. Ne4 Nxe4 34. Bxe4 Be5 35. Rf3 Qc7 36. Bd3 d5 37. cxd5 Rxd5 
38. Rdf1 Rd7 39. Bxg6 fxg6 40. Qf2 Qd6 41. Rf7 Bg7 42. Rf3 Qb4 43. b6 Qxg4+ 
44. Rg3 Qe4 45. Qf3 Qxf3 46. Rgxf3 Rc2 47. Rf4 Rd3 48. Bf2 Rd5 49. Rg4 Rf5 
50. Be3 Re2 51. Bc1 Bc3 52. Ba3 Rxa2 
0-1

[Event "34th Chess Olympiad (men)"]
[Site "Istanbul"]
[Date "2000.10.30"]
[Round "3.19.2"]
[White "Leitao, Rafael"]
[Black "Bagheri, Amir"]
[WhiteElo "2567"]
[BlackElo "2409"]
[WhiteCountry "BRA"]
[BlackCountry "IRI"]
[Result "1-0"]

1. e4 c6 2. d4 d5 3. Nd2 dxe4 4. Nxe4 Bf5 5. Ng3 Bg6 6. h4 h6 7. Nf3 Nd7 
8. h5 Bh7 9. Bd3 Bxd3 10. Qxd3 Ngf6 11. Bf4 Qa5+ 12. Bd2 Qc7 13. O-O-O e6 
14. Ne4 O-O-O 15. g3 Nc5 16. Nxc5 Bxc5 17. c4 Ng4 18. Qe2 Bxd4 19. Bf4 
1-0

[Event "34th Chess Olympiad (men)"]
[Site "Istanbul"]
[Date "2000.10.30"]
[Round "3.19.3"]
[White "Mahjoob, Morteza"]
[Black "Vescovi, Giovanni"]
[WhiteElo "2337"]
[BlackElo "2526"]
[WhiteCountry "IRI"]
[BlackCountry "BRA"]
[Result "0-1"]

1. e4 c5 2. Nf3 d6 3. d4 cxd4 4. Qxd4 a6 5. Bg5 Nc6 6. Qd2 h6 7. Bh4 g5 
8. Bg3 Bg7 9. Nc3 Be6 10. Be2 Qa5 11. O-O Bxc3 12. bxc3 Nf6 13. Nd4 Nd8 
14. Qe3 Rc8 15. Nxe6 Rxc3 16. Bd3 Nxe6 17. e5 Ng4 18. Qf3 Nxe5 19. Bxe5 dxe5 
20. Qxb7 Qc7 21. Qxa6 O-O 22. Rab1 Rc6 23. Qb7 Nc5 24. Qxc7 Rxc7 25. Bb5 Ra8 
26. Bc4 Na4 27. Bd5 Ra5 28. Rb8+ Kg7 29. Bb3 Nc3 30. Re1 Nxa2 31. Ra1 Rca7 
32. f3 Nc3 33. Rxa5 Rxa5 34. Kf2 Rc5 35. Ra8 e6 36. Ke3 Nd5+ 37. Kd2 Nc3 
38. Kd3 h5 39. Ra7 Kg6 40. Ba4 Nxa4 41. Rxa4 Rd5+ 42. Ke2 Rd4 43. Ra5 e4 
44. Ke3 Rc4 45. fxe4 Rxc2 46. Kf3 g4+ 47. Kg3 Re2 48. Re5 Kf6 49. Rxh5 Rxe4 
50. Ra5 e5 51. h3 gxh3 52. Kxh3 Kf5 53. Kg3 Rf4 54. Ra7 f6 55. Ra1 Kg5 
56. Re1 Ra4 57. Re3 e4 58. Rb3 f5 59. Rc3 Ra2 60. Rc5 Ra3+ 61. Kf2 Kf4 
62. Rc2 Ra1 63. Rb2 Kg4 64. Rc2 Ra8 65. Rb2 f4 66. Rb7 Ra2+ 67. Kf1 Ra1+ 
68. Kf2 e3+ 69. Ke2 Ra2+ 70. Kf1 Ra1+ 71. Ke2 Kg3 72. Rg7+ Kh2 73. Rg4 Ra2+ 
74. Kd1 Rf2 75. Ke1 Kg1 76. g3 f3 
0-1

[Event "34th Chess Olympiad (men)"]
[Site "Istanbul"]
[Date "2000.10.30"]
[Round "3.19.4"]
[White "Limp, Eduardo"]
[Black "Mallahi, Amir"]
[WhiteElo "2480"]
[BlackElo "2389"]
[WhiteCountry "BRA"]
[BlackCountry "IRI"]
[Result "1-0"]

1. d4 d5 2. Nf3 c5 3. e3 Nc6 4. Nbd2 e6 5. b3 Nf6 6. Bb2 Bd6 7. Bd3 O-O 
8. O-O Qe7 9. Ne5 cxd4 10. exd4 Ba3 11. Qc1 Bxb2 12. Qxb2 Bd7 13. a3 Rac8 
14. Rae1 Nxe5 15. dxe5 Ne8 16. Re3 Nc7 17. Rh3 g6 18. a4 b5 19. a5 b4 
20. Qd4 Nb5 21. Qe3 f5 22. exf6ep Rxf6 23. Qe5 Nd6 24. Re3 Re8 25. Rfe1 Nf5 
26. R3e2 Ref8 27. Nf3 Qc5 28. Qa1 Ng7 29. Qd4 Qxa5 30. Ra1 Qd8 31. Rxa7 Nh5 
32. Ne5 Rf4 33. Qe3 Bc8 34. g3 d4 35. Qd2 Qb6 36. Ra4 Bb7 37. Qxb4 Qc7 
38. Ra7 Rb8 39. gxf4 Nxf4 40. Qxd4 Nxe2+ 41. Bxe2 
1-0

[Event "34th Chess Olympiad (men)"]
[Site "Istanbul"]
[Date "2000.10.30"]
[Round "3.20.1"]
[White "Bin Sattar, Reefat"]
[Black "Hansen, Curt"]
[WhiteElo "2467"]
[BlackElo "2613"]
[WhiteCountry "BAN"]
[BlackCountry "DEN"]
[Result "0-1"]

1. e4 c5 2. Nf3 d6 3. d4 cd4 4. Nd4 Nf6 5. Nc3 e6 6. Be3 a6 7. f3 b5 
8. Qd2 Nbd7 9. g4 Nb6 10. Qf2 Nfd7 11. O-O-O Bb7 12. f4 b4 13. Nb1 Be4 
14. Bg2 Bg2 15. Qg2 Nc4 16. Rhe1 Ne3 17. Re3 Be7 18. g5 Rc8 19. Nd2 O-O 
20. Rh3 d5 21. Qg4 Re8 22. N2f3 Nf8 23. f5 e5 24. Ne2 e4 25. Nfd4 Bg5+ 
26. Kb1 Bf6 27. Nf4 e3 28. Nde2 Re4 29. Qf3 Qc7 30. Rc1 Qe5 31. Nd3 Qe7 
32. Nef4 Rd8 33. Re1 Bg5 34. Ne2 h6 35. Rg1 Nh7 36. Rhg3 Bf6 37. Qg2 Ng5 
38. Nef4 Be5 39. h4 Bf4 40. Nf4 Rf4 41. hg5 e2 42. Re1 Rf1 43. Rf1 e1Q+ 
0-1

[Event "34th Chess Olympiad (men)"]
[Site "Istanbul"]
[Date "2000.10.30"]
[Round "3.20.2"]
[White "Nielsen, Peter"]
[Black "Rahman, Ziaur"]
[WhiteElo "2578"]
[BlackElo "2421"]
[WhiteCountry "DEN"]
[BlackCountry "BAN"]
[Result "1/2-1/2"]

1. d4 e6 2. e4 d5 3. Nd2 c5 4. ed5 Qd5 5. Ngf3 cd4 6. Bc4 Qd6 7. Qe2 Nf6 
8. Nb3 Nc6 9. Bg5 Qb4+ 10. Bd2 Qb6 11. O-O-O Be7 12. Bg5 h6 13. Bh4 O-O 
14. Nbd4 Bd7 15. Nc6 Bc6 16. Ne5 Bd5 17. Bd5 ed5 18. Bf6 Bf6 19. Rd5 Rad8 
20. Rd8 Rd8 21. Nd3 Qb5 22. Kb1 Re8 23. Qd2 Rd8 24. Qb4 Qc6 25. f3 Rd5 
26. Qe4 a5 27. Re1 Qd6 28. Qe8+ Kh7 29. Qc8 Qb6 30. Qc4 Qd6 31. a3 b5 
32. Qf4 Qd7 33. Qe4+ g6 34. f4 Rd4 35. Qf3 b4 36. ab4 ab4 37. Ne5 Qf5 
38. Qb3 Be5 39. fe5 Rd2 40. g4 Qf2 41. Rc1 Re2 42. Qb4 Re5 43. Qc4 Re2 
44. h4 Re1 45. b4 Re6 46. h5 Qa7 47. Rf1 Kg7 48. Kb2 Qe7 49. Qc3+ Kh7 
50. Rf4 Rb6 51. Qd4 Re6 52. Qc5 Qe8 53. b5 Qh8+ 54. Kb3 Qe8 55. hg6+ Rg6 
56. Qf5 Kg8 57. Rc4 Qe3+ 58. Rc3 Qe1 59. Kb2 Rg5 60. Qc8+ Kh7 61. Qc4 Qf2 
62. Rb3 Qf6+ 63. Qc3 Qb6 64. Rb4 Kg8 65. Qc6 Qc6 66. bc6 Rc5 67. Rb6 Kf8 
68. Kb3 Ke7 69. c4 Rg5 70. Kb4 Kd6 71. c5+ Kc7 72. Kb5 Rg4 73. Rb7+ Kc8 
74. Rf7 Rg1 75. Rf8+ Kc7 76. Rf7+ Kc8 77. c7 Rg6 78. c6 Rg1 79. Rf8+ 
1/2-1/2

[Event "34th Chess Olympiad (men)"]
[Site "Istanbul"]
[Date "2000.10.30"]
[Round "3.20.3"]
[White "Hossain, Rajib"]
[Black "Hansen, Sune"]
[WhiteElo "2314"]
[BlackElo "2545"]
[WhiteCountry "BAN"]
[BlackCountry "DEN"]
[Result "0-1"]

1. e4 c5 2. Nf3 Nc6 3. d4 cxd4 4. Nxd4 Nf6 5. Nc3 e5 6. Ndb5 d6 7. Bg5 a6 
8. Na3 b5 9. Bxf6 gxf6 10. Nd5 f5 11. Bd3 Be6 12. O-O Bxd5 13. exd5 Ne7 
14. c3 Bg7 15. Qh5 e4 16. Bc2 Qc8 17. Rae1 O-O 18. Kh1 Ng6 19. Bb1 Re8 
20. f3 exf3 21. Rxe8+ Qxe8 22. Qxf3 f4 23. Bxg6 hxg6 24. Qxf4 Be5 25. Qf2 Kg7 
26. Nc2 Qd7 27. Nd4 Rh8 28. Nf3 Rh5 29. g4 Rh3 30. Qg2 Rh8 31. h3 Qe7 
32. Re1 Qf6 33. Nxe5 dxe5 34. Rf1 Qh4 35. Kh2 e4 36. Qg3 Qg5 37. d6 Qd5 
38. Qf4 Re8 39. Rf2 e3 40. Re2 Re4 41. Qg3 Qd1 42. Qf3 Qxd6+ 43. Kg2 Re6 
44. a3 Qd3 45. Kh2 a5 46. Kh1 a4 47. Kh2 Qd1 48. Kg2 Re7 49. Kh2 Re5 
50. Kg3 Re6 51. Kh2 Rf6 52. Qxe3 Re6 53. Rd2 Rxe3 54. Rxd1 Re2+ 55. Kg1 Rxb2 
56. c4 b4 
0-1

[Event "34th Chess Olympiad (men)"]
[Site "Istanbul"]
[Date "2000.10.30"]
[Round "3.20.4"]
[White "Schandorff, Lars"]
[Black "Kabir, Syed"]
[WhiteElo "2520"]
[BlackElo "2243"]
[WhiteCountry "DEN"]
[BlackCountry "BAN"]
[Result "1/2-1/2"]

1. Nf3 Nf6 2. c4 e6 3. Nc3 Bb4 4. Qc2 b6 5. a3 Bc3 6. Qc3 Bb7 7. b4 c5 
8. Bb2 d6 9. g3 O-O 10. Bg2 Nbd7 11. O-O Qc7 12. d3 Rac8 13. Rfe1 a6 
14. Rac1 Rfe8 15. e4 e5 16. Nh4 Nf8 17. Nf5 Ne6 18. Qd2 h6 19. f4 Nd4 
20. Bd4 cd4 21. fe5 de5 22. c5 Rb8 23. Nd6 Red8 24. Rf1 Bc8 25. Rf6 gf6 
26. Qh6 Be6 27. Rf1 Rd6 28. cd6 Qd6 29. Rf6 Qc7 30. h4 Rc8 31. Qg5+ Kf8 
32. Rf1 Qc3 33. Qe5 Qd3 34. Qf4 Rc2 35. Rf2 Rf2 36. Qf2 Qc3 37. Qf6 Qg3 
38. Qd8+ Kg7 39. Qd4+ Kh7 40. Qf2 Qa3 41. Qb6 Qc1+ 42. Kh2 
1/2-1/2

[Event "34th Chess Olympiad (men)"]
[Site "Istanbul"]
[Date "2000.10.30"]
[Round "3.21.1"]
[White "Adianto, Utut"]
[Black "Espinosa, Rafael"]
[WhiteElo "2583"]
[BlackElo "2406"]
[WhiteCountry "INA"]
[BlackCountry "MEX"]
[Result "1-0"]

1. d4 Nf6 2. Nf3 e6 3. c4 c5 4. Nc3 cxd4 5. Nxd4 a6 6. g3 Qc7 7. Bg2 Qxc4 
8. Bf4 Nc6 9. Nb3 d5 10. O-O Qb4 11. e4 d4 12. Nd5 exd5 13. exd5 Ne7 
14. Re1 Bg4 15. Qd3 Rd8 16. h3 Bc8 17. Rac1 g5 18. Bd2 Qd6 19. Qxd4 Nxd5 
20. Qxh8 h6 21. Bxd5 Qxd5 22. Rxe7+ Kxe7 23. Bb4+ 
1-0

[Event "34th Chess Olympiad (men)"]
[Site "Istanbul"]
[Date "2000.10.30"]
[Round "3.21.3"]
[White "Gunawan, Ruben"]
[Black "Estrada, Nieto Julian"]
[WhiteElo "2503"]
[BlackElo "2397"]
[WhiteCountry "INA"]
[BlackCountry "MEX"]
[Result "0-1"]

1. Nf3 d5 2. d4 c5 3. c4 dxc4 4. d5 e6 5. Nc3 exd5 6. Qxd5 Qxd5 7. Nxd5 Bd6 
8. e4 Ne7 9. Bxc4 Nxd5 10. Bxd5 Na6 11. Be3 Nc7 12. Bc4 Be6 13. Nd2 b6 
14. f4 f5 15. O-O fxe4 16. Nxe4 O-O-O 17. Bxe6+ Nxe6 18. f5 Nc7 19. Bg5 Rd7 
20. Nxd6+ Rxd6 21. Bf4 Rd7 22. Rae1 Nd5 23. Bd2 Rf8 24. h3 Nf6 25. Bc3 Nd5 
26. Bd2 Nf6 27. Rf2 Re8 28. Rxe8+ Nxe8 29. g4 Nd6 30. Bf4 Nb5 31. Kg2 Nd4 
32. Be5 Nc6 33. Bc3 b5 34. g5 b4 35. Bd2 Nd4 36. Be3 Kc7 37. Kg3 Kd6 
38. Kf4 Kd5 39. g6 hxg6 40. fxg6 Re7 41. Bxd4 cxd4 42. h4 Re4+ 43. Kg3 Re6 
44. Rf5+ Ke4 45. Rf4+ Ke3 
0-1

[Event "34th Chess Olympiad (men)"]
[Site "Istanbul"]
[Date "2000.10.30"]
[Round "3.21.4"]
[White "Russek, Guil"]
[Black "Juswanto, Denny"]
[WhiteElo "2400"]
[BlackElo "2483"]
[WhiteCountry "MEX"]
[BlackCountry "INA"]
[Result "1/2-1/2"]

1. e4 d6 2. d4 Nf6 3. Nc3 g6 4. Nf3 Bg7 5. Be2 O-O 6. O-O c6 7. a4 Qc7 
8. h3 Nbd7 9. a5 Rb8 10. Be3 b5 11. axb6ep axb6 12. d5 Bb7 13. Nd4 Ra8 
14. Qd2 cxd5 15. Ndb5 Qc8 16. exd5 Nc5 17. Bf3 Ba6 18. Rfe1 Nfe4 19. Nxe4 Bxb5 
20. Rxa8 Qxa8 21. Nc3 Ba6 22. Bd4 Re8 23. Bxg7 Kxg7 24. Qd4+ Kg8 25. b4 Nd7 
26. Bg4 f5 27. Bd1 Qc8 28. Be2 Bxe2 29. Rxe2 Ne5 30. Nb5 Qa6 31. Nc7 Qxe2 
32. Nxe8 Kf7 33. Nc7 Qxc2 34. Qxb6 Qc1+ 35. Kh2 Nc4 36. Qc6 Qf4+ 37. Kg1 Qc1+ 
38. Kh2 Qf4+ 
1/2-1/2

[Event "34th Chess Olympiad (men)"]
[Site "Istanbul"]
[Date "2000.10.30"]
[Round "3.22.1"]
[White "Moldobaev, Emelbek"]
[Black "Watanabe, Akira"]
[WhiteElo "2404"]
[BlackElo "2374"]
[WhiteCountry "KGZ"]
[BlackCountry "JPN"]
[Result "1/2-1/2"]

1. e4 c6 2. d4 d5 3. Nc3 de4 4. Ne4 Nd7 5. Nf3 Ngf6 6. Nf6+ Nf6 7. Bc4 e6 
8. O-O Be7 9. Qe2 O-O 10. Re1 c5 11. dc5 Bc5 12. Bg5 Be7 13. Rad1 Qc7 
14. Ne5 Nd5 15. Be7 Qe7 16. Bd5 ed5 17. Rd5 Be6 18. Rd3 Rfe8 19. Re3 Qb4 
20. Nd3 Qd6 21. Re5 h6 22. Nc5 Rac8 23. Ne6 Re6 24. Re6 Qe6 25. Qe6 fe6 
26. Re2 Kf7 27. Kf1 Kf6 28. Rd2 b5 29. c3 a5 30. Rd4 a4 31. a3 Rc5 32. Ke2 Re5+ 
33. Kd2 Rg5 34. g3 Rh5 35. h4 Rf5 36. Ke3 g5 37. hg5+ hg5 38. c4 bc4 
39. Rc4 Ra5 40. Kd3 Kf5 41. g4+ Ke5 42. Re4+ Kd5 43. f4 gf4 44. Rf4 Ke5 
45. Rb4 Kf6 46. Kc3 e5 47. b3 ab3 48. Kb3 Ke6 49. a4 Ra8 50. Kc4 Rc8+ 
51. Kd3 Rc1 52. Ke4 Re1+ 53. Kf3 Ra1 54. Ke4 Re1+ 55. Kd3 Kd6 56. Rb6+ Kc7 
57. Rg6 Ra1 58. Ke4 Re1+ 59. Kf5 e4 60. Re6 e3 61. Kf4 e2 62. Kf3 Ra1 
63. Re2 Ra4 64. Rd2 Ra8 65. Kf4 Rf8+ 66. Ke5 Rg8 67. Kf5 Rf8+ 68. Ke6 Rg8 
69. Rd4 Kc6 70. Kf7 Rg5 71. Kf6 
1/2-1/2

[Event "34th Chess Olympiad (men)"]
[Site "Istanbul"]
[Date "2000.10.30"]
[Round "3.22.2"]
[White "Matsuo, Tomohiko"]
[Black "Inarkiev, Ernesto"]
[WhiteElo "2186"]
[BlackElo "2432"]
[WhiteCountry "JPN"]
[BlackCountry "KGZ"]
[Result "1/2-1/2"]

1. e4 c5 2. Nf3 Nc6 3. d4 cd4 4. Nd4 g6 5. c4 Nf6 6. Nc3 Nd4 7. Qd4 d6 
8. Be3 Bg7 9. f3 O-O 10. Qd2 a5 11. Be2 a4 12. Rc1 Qa5 13. O-O Bd7 
14. Rfd1 Rfc8 15. Bf1 Be6 16. Nb5 Qd2 17. Rd2 Nd7 18. Nd4 Ne5 19. Ne6 fe6 
20. Rcc2 Nc6 21. Rc1 a3 22. ba3 Ra3 23. Bg5 h6 24. Bh4 Rca8 25. c5 dc5 
26. Rc5 Ra2 27. Ra2 Ra2 28. Rc1 Bd4+ 29. Kh1 Rb2 30. h3 Kf7 31. Bg3 Kf6 
32. Bd3 Rb3 33. Be2 Rb2 34. Bd3 Ne5 35. Bf1 Be3 36. Ra1 g5 37. h4 Bf4 
38. Be1 Bd2 39. Bd2 Rd2 40. hg5+ hg5 41. Rb1 Rd7 42. Kg1 Rc7 43. Kf2 Nf7 
44. Rb5 e5 45. Rb2 Nd6 46. Bd3 Ke6 47. Bb1 b5 48. Ba2+ Kf6 49. Bd5 Rc5 
50. Ke2 e6 51. Ba2 Nb7 52. Bb1 Ke7 53. Bd3 Nd6 54. Kd2 Rc7 55. Rb1 Rb7 
56. Kc3 Kd7 57. Kb4 Ra7 58. Kc5 Ra2 59. Bb5+ Nb5 60. Rb5 Rc2+ 61. Kb4 Kd6 
62. Ra5 Rg2 63. Ra3 Rg3 64. Rd3+ Ke7 65. Kc3 Kf6 66. Kd2 g4 67. Rd8 Rf3 
68. Rg8 Rf2+ 69. Kd3 Rg2 70. Ke3 Ke7 71. Rg7+ Kd6 72. Rg5 g3 73. Kf3 Rg1 
74. Ke2 Rg2+ 75. Kf3 Rg1 76. Ke2 Rg2+ 77. Kf3 Rg1 78. Ke2 Ra1 79. Rg3 Ra2+ 
80. Ke1 Ra4 81. Rg4 Kc5 82. Ke2 Ra2+ 83. Ke3 Ra3+ 84. Ke2 Kd4 85. Rg6 Ra6 
86. Rg4 Ra2+ 87. Kf1 Ke3 88. Rh4 Ra1+ 89. Kg2 Ra4 90. Rh6 Re4 91. Re6 Ke2 
92. Re8 Re3 93. Ra8 Rd3 94. Re8 Rd5 95. Re7 Ke3 96. Kf1 Rd1+ 97. Kg2 e4 
98. Ra7 Ke2 99. Ra4 e3 100. Ra2+ Rd2 101. Ra1 Rc2 102. Kg3 Rc3 103. Kg2 Rc6 
104. Ra2+ Kd3 105. Ra3+ Kd2 106. Ra2+ Rc2 107. Ra1 Ke2 108. Kg3 Rc3 
109. Kg2 Kd2 110. Ra2+ Kd1 111. Kf1 Rb3 112. Ra1+ Kd2 113. Ra2+ Kd3 
114. Ra1 Rc3 115. Rd1+ Ke4 116. Rd8 Ra3 117. Re8+ Kd3 118. Rd8+ Ke2 119. Re7 
1/2-1/2

[Event "34th Chess Olympiad (men)"]
[Site "Istanbul"]
[Date "2000.10.30"]
[Round "3.22.3"]
[White "Sidorenko, Alexei"]
[Black "Tanaka, Yuuki"]
[WhiteElo "2286"]
[BlackElo "2126"]
[WhiteCountry "KGZ"]
[BlackCountry "JPN"]
[Result "1-0"]

1. e4 c6 2. d4 d5 3. Nc3 dxe4 4. Nxe4 Nd7 5. Nf3 Ngf6 6. Nxf6+ Nxf6 7. Bc4 e6 
8. O-O Be7 9. Qe2 O-O 10. Re1 c5 11. dxc5 Bxc5 12. Bg5 Be7 13. Rad1 Qc7 
14. Ne5 Nd5 15. Bxe7 Qxe7 16. Rxd5 Bd7 17. Rd3 Rfe8 18. Bxe6 Bxe6 19. Re3 Qb4 
20. Nd3 Qd6 21. Re5 h6 22. Nc5 Rac8 23. Nxe6 Rxe6 24. Rxe6 fxe6 25. Kf1 b5 
26. c3 a5 27. a3 a4 28. g3 Qxg3 29. hxg3 g5 30. f4 gxf4 31. g4 e5 32. b3 Ra8 
33. bxa4 e4 34. Qe3 fxe3 35. Re2 Rxa4 36. Rd2 Ra8 37. Rd4 
1-0

[Event "34th Chess Olympiad (men)"]
[Site "Istanbul"]
[Date "2000.10.30"]
[Round "3.22.4"]
[White "Nakamura, Ryuji"]
[Black "Umarbekov, Azyz"]
[WhiteElo "2127"]
[BlackElo "2000"]
[WhiteCountry "JPN"]
[BlackCountry "KGZ"]
[Result "1/2-1/2"]

1. d4 Nf6 2. c4 c5 3. d5 b5 4. a4 b4 5. g3 d6 6. Bg2 g6 7. b3 Bg7 8. Bb2 O-O 
9. Nd2 a5 10. e4 Ra7 11. Ngf3 e5 12. O-O Ne8 13. Ne1 f5 14. Nd3 Re7 15. Re1 Nd7 
16. Rb1 Ndf6 17. f4 fe4 18. Ne4 ef4 19. Nf4 Ne4 20. Be4 Bb2 21. Rb2 Ng7 
22. Rd2 Qe8 23. Ne6 Ne6 24. de6 Be6 25. Rd6 Bf7 26. Qd3 Qb8 27. Rd1 Rfe8 
28. Bd5 Kg7 29. Bf7 Rf7 30. Rd7 Ree7 31. Re7 Re7 32. Qd5 Qc7 33. Rd3 h5 
34. Qd6 Qd6 35. Rd6 Re3 36. Rd5 Rb3 37. Rc5 Rb1+ 38. Kg2 Rc1 
1/2-1/2

[Event "34th Chess Olympiad (men)"]
[Site "Istanbul"]
[Date "2000.10.30"]
[Round "3.23.2"]
[White "Nedev, Trajce"]
[Black "Kolev, Atanas"]
[WhiteElo "2487"]
[BlackElo "2582"]
[WhiteCountry "FRM"]
[BlackCountry "BUL"]
[Result "1/2-1/2"]

1. e4 e6 2. d4 d5 3. Nd2 c5 4. dxc5 Bxc5 5. Bd3 Nc6 6. Ngf3 Nf6 7. O-O h6 
8. Qe2 Qc7 9. a3 O-O 10. c4 a5 11. b3 dxc4 12. Bxc4 e5 13. Bb2 Re8 14. Rac1 Ba7 
15. Bd5 Bd7 16. Qc4 Re7 17. b4 axb4 18. axb4 Qb6 
1/2-1/2

[Event "34th Chess Olympiad (men)"]
[Site "Istanbul"]
[Date "2000.10.30"]
[Round "3.23.3"]
[White "Georgiev, Krum"]
[Black "Mitkov, Marjan"]
[WhiteElo "2532"]
[BlackElo "2402"]
[WhiteCountry "BUL"]
[BlackCountry "FRM"]
[Result "0-1"]

1. e4 e5 2. Nf3 Nc6 3. Bb5 Nf6 4. O-O Bc5 5. c3 O-O 6. d4 Bb6 7. Re1 d6 
8. a4 a5 9. h3 h6 10. Bxc6 bxc6 11. dxe5 dxe5 12. Qxd8 Rxd8 13. Nbd2 Nd7 
14. Nc4 f6 15. Be3 Bxe3 16. Rxe3 Nc5 17. Nfd2 Be6 18. h4 Rd7 19. Ra3 Rb8 
20. g3 Rxb2 
0-1

[Event "34th Chess Olympiad (men)"]
[Site "Istanbul"]
[Date "2000.10.30"]
[Round "3.24.1"]
[White "Kozul, Zdenko"]
[Black "Rowson, Jonathan"]
[WhiteElo "2611"]
[BlackElo "2494"]
[WhiteCountry "CRO"]
[BlackCountry "SCO"]
[Result "1-0"]

1. d4 Nf6 2. c4 g6 3. Nc3 d5 4. Nf3 Bg7 5. Qb3 dc4 6. Qc4 O-O 7. e4 Nc6 
8. Be2 Bg4 9. d5 Na5 10. Qa4 Bf3 11. Bf3 c6 12. O-O b5 13. Qb4 a6 14. Rd1 Nd7 
15. Nb1 cd5 16. ed5 Rc8 17. Be2 Nc4 18. a4 Qa5 19. Qa5 Na5 20. Bg5 Nc4 
21. ab5 Nb2 22. Rf1 ab5 23. Be7 Rfe8 24. d6 Nc4 25. Ra7 Ndb6 26. d7 Re7 
27. dc8Q+ Nc8 28. Re7 Ne7 29. Bc4 bc4 30. Rc1 h5 31. Rc4 Bf6 32. Nd2 Nf5 
33. Ne4 Be7 34. Rc7 Kf8 35. g3 Nd4 36. Kg2 Ne6 37. Rd7 Ke8 38. Ra7 Kf8 
39. f4 h4 40. Ra8+ Kg7 41. Ra7 Kf8 42. Nd2 hg3 43. hg3 g5 44. f5 Nd4 45. g4 Nc6 
46. Ra6 Nb4 47. Ra8+ Kg7 48. Ra7 Bf6 49. Ne4 Nd5 50. Kf3 Ne7 51. Nd6 Be5 
52. Re7 Bd6 53. Re8 Kf6 54. Ke4 Be7 55. Kd5 Ba3 56. Kc6 Bc1 57. Kd7 Bd2 
58. Re2 Ba5 59. Ke8 Bb4 60. Ra2 Bc5 61. Ra6+ 
1-0

[Event "34th Chess Olympiad (men)"]
[Site "Istanbul"]
[Date "2000.10.30"]
[Round "3.24.2"]
[White "Motwani, Paul"]
[Black "Cvitan, Ognjen"]
[WhiteElo "2464"]
[BlackElo "2541"]
[WhiteCountry "SCO"]
[BlackCountry "CRO"]
[Result "1/2-1/2"]

1. c4 c5 2. Nf3 d6 3. d4 cd4 4. Nd4 Nf6 5. Nc3 a6 6. h3 e6 7. g4 Be7 8. Bg2 O-O 
9. O-O Qc7 10. f4 Nc6 11. g5 Nd4 12. Qd4 d5 13. Be3 Ne4 14. Be4 de4 15. Qe4 
1/2-1/2